Statistics for Culinary Mushrooms by Picture

Click here to take the quiz!

General Stats

  • This quiz has been taken 468 times
  • The average score is 7 of 16

Answer Stats

Answer% Correct
Button
86%
Black Truffle
69%
Oyster
67%
Portobello
63%
Shiitake
63%
Morel
61%
Chanterelle
52%
Enoki
46%
White Puffball
40%
Lion's Mane
35%
Chicken-of-the-Woods
29%
Porcini
24%
Maitake
22%
Beefsteak
11%
Hedgehog
11%
Beech
9%

Score Distribution

Percentile by Number Answered

Percent of People with Each Score

Your Score History

You have not taken this quiz